书目信息 |
| 题名: |
大清帝国最后十年
|
|
| 作者: | 李刚 著 | |
| 分册: | ||
| 出版信息: | 北京 当代中国出版社 2008.09 |
|
| 页数: | 289页 | |
| 开本: | 26cm | |
| 丛书名: | ||
| 单 册: | ||
| 中图分类: | K256.9 | |
| 科图分类: | ||
| 主题词: | ||
| 电子资源: | ||
| ISBN: | 978-7-80170-738-3 | |
| 000 | 00919nam0 2200241 450 | |
| 001 | wxs-0819-0010 | |
| 005 | 20100526144751.15 | |
| 010 | @a978-7-80170-738-3@dCNY35.00 | |
| 100 | @a20100515d2008 em y0chiy0110 ea | |
| 101 | 0 | @achi |
| 102 | @aCN@b110000 | |
| 105 | @ay z 000yy | |
| 200 | 1 | @a大清帝国最后十年@Ada qing di guo zui hou shi nian@e清末新政始末@f李刚著 |
| 210 | @a北京@c当代中国出版社@d2008.09 | |
| 215 | @a289页@d26cm | |
| 330 | @a晚清七十年,在清廷之外,既有底层贫穷民揭竿而起,试图建立乌托邦式的“天国”社会;又有革命志士高呼打同行体制,试图用火与犁再造美好中华。无论其理念是狭隘还是崇高,都希望运用自己的一套办法改变中国现状,把中华民族从西方列强的炮舰锁链和经济掠夺中解脱出来。 | |
| 517 | 1 | @a清末新政始末@Aqing mo xin zheng shi mo |
| 606 | @0 | |
| 607 | 0 | @a中国@z清后期@x其他历史事件 |
| 690 | @aK256.9@v4 | |
| 701 | 0 | @a李刚@Ali gang@4著 |
| 801 | 0 | @aCN@c20100515 |
| 905 | @dK256.9@eL162@f3 | |
| 大清帝国最后十年:清末新政始末/李刚著.-北京:当代中国出版社,2008.09 |
| 289页;26cm |
| ISBN 978-7-80170-738-3:CNY35.00 |
| 晚清七十年,在清廷之外,既有底层贫穷民揭竿而起,试图建立乌托邦式的“天国”社会;又有革命志士高呼打同行体制,试图用火与犁再造美好中华。无论其理念是狭隘还是崇高,都希望运用自己的一套办法改变中国现状,把中华民族从西方列强的炮舰锁链和经济掠夺中解脱出来。 |
| ● |
| 相关链接 |
|
|
|
正题名:大清帝国最后十年
索取号:K256.9/L162
 
预约/预借
| 序号 | 登录号 | 条形码 | 馆藏地/架位号 | 状态 | 备注 |
| 1 | 983547 | 209835473 | 社科库309/309社科库 35排6列2层/ [索取号:K256.9/L162] | 在馆 | |
| 2 | 983548 | 209835482 | 社科库309/309社科库 35排6列2层/ [索取号:K256.9/L162] | 在馆 | |
| 3 | 983549 | 209835491 | 社科库309/309社科库 35排6列2层/ [索取号:K256.9/L162] | 在馆 |